1392 1054 1056 1367 1646 1287 1619 1565 1397 1208 1816 1108 1490 1425 1896 1805 1326 1412 1877 1107 1835 1211 1910 1594 1626 1193 1309 1782 1393 1469 1806 1576 1134 1514 1768 1533 1014 1056 1520 1231 1453 1588 1726 1561 1577 1409 1304 1513 1974 1448 1648 1344 1725 1587 1051 1390 1242 1266 1347 1088 1857 1306 1482 1598 1846 1197 1027 1156 1943 1998 1561 1499 1365 1772 1592 1637 1357 1609 1762 1294 1254 1100 1033 1033 1000 1971 1418 1365 1235 1497 1998 1276 1076 1193 1092 1445 1980 1628 1803 BCNSPRNW ULIB Ver.6.0+V

เปลี่ยนเป็นภาษาไทย

Change to English
 แสดงรายละเอียดบรรณานุกรม
  กลับหน้าหลัก

Brief Record : Get Marc (ISO 2709) : E-mail record : QR code < ปิดหน้าต่าง
LEADER : 00000nam 2200000uu 4500
001    13399123606
003     ULIB
008    141017s2556||||th 000 0 tha d
020    ^a9786167546216
060  4 WB327^bส719ร
100 0  ^aสิทธา ลิขิตนุกูล
245 00 ^aรู้ทันโรคไม่ป่วย/ ^cโดย สิทธา ลิขิตนุกูล
260    ^aสมุทรปราการ : ^bมายเบสส์บุ๊คส์,^c2556
300    ^a216 หน้า : ^bภาพประกอบ ; ^c21ซม
650  0 ^aรู้ทันโรคไม่ป่วย^xโรค-การป้องกันและควบคุม
945    ^p169^l0^i21502
945    ^p169^l0^i21503
945    ^p169^l0^i21504
945    ^p169^l0^i21505
945    ^p169^l0^i21506
999    ^aทศพร เกษรทอง
รายการนี้ยังไม่มีแท็ก
คุณยังไม่ได้ล็อกอิน คุณสามารถมีกิจกรรมร่วมกับเว็บไซต์ได้ แต่ต้องล็อกอินก่อน ::
  ล็อกอิน

รายการสื่อสารสนเทศ

ลำดับที่ ประเภท เลขเรียก/บาร์โค้ด สถานที่ สถานะ
1. วิทยาศาสตร์การแพทย์ และสุขภาพ
หนังสือสำรอง
สถานะ=หนังสือสำรอง
WB327 ส719ร ฉ.1 
  Barcode: 21502
ห้องสมุดวิทยาเขตนครสวรรค์
►ส่วนจัดเก็บหนังสือเก่า นว.
บนชั้น
  ขอยืม
2. วิทยาศาสตร์การแพทย์ และสุขภาพ
วิทยาศาสตร์การแพทย์ และสุขภาพ
WB327 ส719ร ฉ.2 
  Barcode: 21503
ห้องสมุดวิทยาเขตนครสวรรค์
►ส่วนจัดเก็บหนังสือเก่า นว.
บนชั้น
  ขอยืม
3. วิทยาศาสตร์การแพทย์ และสุขภาพ
วิทยาศาสตร์การแพทย์ และสุขภาพ
WB327 ส719ร ฉ.3 
  Barcode: 21504
ห้องสมุดวิทยาเขตนครสวรรค์
►ส่วนจัดเก็บหนังสือเก่า นว.
บนชั้น
  ขอยืม
4. วิทยาศาสตร์การแพทย์ และสุขภาพ
วิทยาศาสตร์การแพทย์ และสุขภาพ
WB327 ส719ร ฉ.4 
  Barcode: 21505
ห้องสมุดวิทยาเขตนครสวรรค์
►ส่วนจัดเก็บหนังสือเก่า นว.
บนชั้น
  ขอยืม
5. วิทยาศาสตร์การแพทย์ และสุขภาพ
วิทยาศาสตร์การแพทย์ และสุขภาพ
WB327 ส719ร ฉ.5 
  Barcode: 21506
ห้องสมุดวิทยาเขตนครสวรรค์
►ส่วนจัดเก็บหนังสือเก่า นว.
บนชั้น
  ขอยืม

รายการใกล้เคียง
    ผู้แต่ง [สิทธา ลิขิตนุกูล]

BibComment


ยังไม่เคยถูกคอมเมนท์

คอมเมนท์ทรัพยากรรายการนี้
  คอมเมนท์: รู้ทันโรคไม่ป่วย..


 Copyright 2026. Bcnsprnw @Library